Tout les stages de Super Smash Bros. - Statistiques

Statistiques générales
  • Ce quiz a été pris 18 fois
  • Le résultat moyen est 23 sur 131
Statistiques - réponses
Série Stage % Correct
Super Smash Bros. Destination Finale
64%
Pokémon Stade Pokémon
64%
F-Zero Big Blue
57%
Mario Château de Peach
57%
Mario Circuit Mario
50%
Metroid Brinstar
43%
Super Smash Bros. Champ de Bataille
43%
Star Fox Corneria
43%
Kirby Dream Land
43%
F-Zero Mute City
43%
Mother/Earthbound Onett
43%
Mario Royaume Champignon (Mêlée)
43%
Mario Royaume Champignon (Smash 64)
43%
The Legend of Zelda Temple
43%
The Legend of Zelda Château d'Hyrule
36%
Yoshi Île de Yoshi
36%
Pokémon Stade Pokémon 2
36%
Donkey Kong 75m
29%
Fire Emblem Arène
29%
Fire Emblem Arène de Ferox
29%
Castlevania Château de Dracula
29%
Mario Circuit en 8
29%
Pokémon Ligue Pokémon de Kalos
29%
Mother/Earthbound New Pork City
29%
Metroid Norfair
29%
The Legend of Zelda Pont d'Ordinn
29%
Sonic Zone Green Hill
29%
Mario 3D Land
21%
Yoshi Arbre Magique du Bonheur
21%
Balloon Fight Balloon Fight
21%
Fire Emblem Château Assiégé
21%
Mario Château de la Princesse Peach
21%
Mother/Earthbound Fourside
21%
Electroplankton Hanenbow
21%
Metal Gear Île de Shadow Moses
21%
Donkey Kong Jungle des Jobards
21%
Donkey Kong Jungle Kongo
21%
Kirby La Caverne du Péril
21%
Pokémon Ligue Pokémon d'Unys
21%
Mario Mario Bros.
21%
Persona Mementos
21%
Final Fantasy Midgar
21%
Wii U Miiverse
21%
Nintendo DS PictoChat
21%
Nintendo DS PictoChat 2
21%
Pikmin Planète Lointaine
21%
Metroid Planète Zèbes
21%
Metroid Profondeur de Brinstar
21%
Mario Royaume Champignon II
21%
The Legend of Zelda Tour du Prélude
21%
Star Fox Venom
21%
Wario WarioWare,Inc.
21%
Wrecking Crew Wrecking Crew
21%
Yoshi Yoshi's Story
21%
Donkey Kong Cascade Kongo
14%
Pokémon Colonnes Lances
14%
Mario Course Arc-en-ciel
14%
Final Fantasy Cratère Nord
14%
Kid Icarus Forêt des Bombes Zéro
14%
Kingdom Heart Forteresse Oublié
14%
Metroid Fregate Orphéon
14%
Wario Game & Wario
14%
The Legend of Zelda Grande Baie
14%
Kirby Halbert
14%
Mother/Earthbound Magicant
14%
Mario Mario Galaxy
14%
Mii Mii en Péril
14%
Fire Emblem Monastère de Garreg Mach
14%
F-Zero Mute City SNES
14%
Pac-Man PAC-LAND
14%
Mario Paper Mario
14%
Pilotwings Pilotwings
14%
F-Zero Port Town
14%
Metroid Pyrosphere
14%
Punch Out Ring de Boxe
14%
Mario Route Arc-en-ciel
14%
Mario Royaume Champignon U
14%
Mario Royaume Champiternel
14%
Pokémon Safrania
14%
Star Fox Secteur Z
14%
Mario Super Mario Maker
14%
Mii Tomodachi Life
14%
Pokémon Tour Prismatique
14%
Star Fox Traversée de Lylat
14%
Dragon Quest Autel de l'Yggdrasil
7%
Mario Buttes au butin
7%
Kirby Dream Land GB
7%
Duck Hunt Duck Hunt
7%
Mario Hôtel de Ville de New Donk City
7%
Yoshi Île de Yoshi (Mêlée)
7%
Mii Ile Wuhu
7%
Donkey Kong Jungle Hijinxs
7%
The Legend of Zelda Locomotive des Dieux
7%
Minecraft Monde Minecraft
7%
Ice Climbers Montagne Icicle
7%
Super Smash Bros. Petit Champ de Bataille
7%
Mario Place Delphino
7%
Xenoblade Plaine de Gaur
7%
Pokémon Poké Flotte
7%
Nintendogs Salon
7%
Ice Climbers Sommet
7%
Fatal Fury Stade King of Fighter
7%
Wii Fit Studio Wii Fit
7%
Kid Icarus Temple de Palutena
7%
Bayonetta Tour de l'horloge de l'Umbra
7%
Splatoon Tour girelle
7%
The Legend of Zelda Vaisseau Pirate
7%
The Legend of Zelda Vallée Gérudo
7%
Kirby Verte prairie
7%
Yoshi Woolly World
7%
Sonic Zone Windy Hill
7%
The Legend of Zelda Célesbourg
0%
Tekken Dojo Mishima
0%
Game & Watch Flat Zone
0%
Game & Watch Flat Zone 2
0%
Game & Watch Flat Zone X
0%
Kirby Fontaine des Rêves
0%
Mario Manoire de Luigi
0%
Xenoblade Mer de Nuage d'Alrest
0%
Kid Icarus Monde céleste
0%
Banjo-Kazooie Montagne perchée
0%
Star Fox Orbital Gate Assault
0%
Pac-Man PAC-MAZE
0%
Donkey Kong Rumble Falls
0%
Animal Crossing Smashville
0%
ARMS Stade Sping
0%
Street Fighter Sukazu Castle
0%
Animal Crossing Tortiland
0%
Super Smash Bros. Vaste Champ de Bataille
0%
Pikmin Verger de l'Espoir
0%
Animal Crossing Ville et Centre-Ville
0%
Aucun quiz correspondant
Distribution des résultats
% des personnes avec chaque résultat
Percentile par nombre de réponses
Votre historique - résultats
Vous n’avez pas pris ce quiz